000 00671nam a2200301Ia 4500
005 20260127113041.0
008 008 260114s9999 xx 000 0 eng d
020 _a8187879106
037 _aTextbook
040 _aPSDL
040 _beng
040 _cPSDL
041 _2eng
041 _aeng
084 _aV5 P3
084 _qPSDL
100 _aVembulu, R Pavananthi
_91109331
245 0 _aUnderstanding European Integration
245 0 _cVembulu, R Pavananthi
260 _aDelhi
260 _bAakar Books
260 _c2003
300 _a265p.
942 _cTB
942 _hV5 P3
999 _c1674978
_d1674978